Statystyki dla Rzeki Świata

Kliknij tutaj aby rozwiązać quiz!

Ogólne statystyki

  • Ten quiz został rozwiązany 135 razy
  • Średni wynik to 71 z 136

Statystyki odpowiedzi

ObiektRodzaj% Poprawnych
AmazonkaAmeryka Południowa
98%
AmurAzja
91%
AlabamaAmeryka Północna
89%
Amu-dariaAzja
89%
ArkansasAmeryka Północna
80%
AngaraAzja
78%
DunajEuropa
72%
JangcyAzja
70%
DniestrEuropa
70%
BrahmaputraAzja
69%
DnieprEuropa
69%
GangesAzja
68%
JordanAzja
67%
IndusAzja
67%
NilAfryka
66%
EufratAzja
66%
KongoAfryka
65%
NigerAfryka
65%
DźwinaEuropa
65%
OdraEuropa
65%
Nil BłękitnyAfryka
63%
Nil BiałyAfryka
63%
AłdanAzja
63%
MissisipiAmeryka Północna
62%
JenisejAzja
62%
ŁabaEuropa
62%
MissouriAmeryka Północna
61%
IrtyszAzja
61%
TygrysAzja
61%
EbroEuropa
61%
GambiaAfryka
60%
KoloradoAmeryka Północna
60%
MackenzieAmeryka Północna
60%
Ob.Azja
60%
DwinaEuropa
60%
CisaEuropa
60%
RenEuropa
60%
DrawaEuropa
60%
DoniecEuropa
59%
WisłaEuropa
59%
OhioAmeryka Północna
58%
ParagwajAmeryka Południowa
58%
LenaAzja
58%
SekwanaEuropa
58%
TamizaEuropa
58%
WołgaEuropa
58%
LoaraEuropa
58%
DonEuropa
58%
ZambeziAfryka
57%
AthabascaAmeryka Północna
57%
UrugwajAmeryka Południowa
57%
AtbaraAfryka
56%
Rio GrandeAmeryka Północna
56%
PrypećEuropa
56%
NiemenEuropa
56%
SenegalAfryka
55%
ChurchillAmeryka Północna
55%
KołymaAzja
55%
IndygirkaAzja
55%
UralEuropa
55%
BajdarataEuropa
55%
JukonAmeryka Północna
54%
KolumbiaAmeryka Północna
54%
Caqueta (Japura)Ameryka Południowa
54%
DarlingAustralia i Oceania
54%
DueroEuropa
54%
BohEuropa
54%
OrinokoAmeryka Południowa
53%
ColoradoAmeryka Południowa
53%
ParanaAmeryka Południowa
53%
MekongAzja
53%
BrazosAmeryka Północna
52%
CasiquiareAmeryka Południowa
52%
Rio NegroAmeryka Południowa
52%
HuanghoAzja
52%
PadEuropa
52%
Sao FranciscoAmeryka Południowa
51%
Św. WawrzyńcaAmeryka Północna
50%
CaucaAmeryka Południowa
50%
PeczoraEuropa
50%
EmbaEuropa
50%
Syr-dariaAzja
49%
GaronnaEuropa
49%
IrawadiAzja
48%
Dolna TunguzkaAzja
48%
ChubutAmeryka Południowa
47%
MurrayAustralia i Oceania
47%
OranjeAfryka
46%
RodanEuropa
46%
TagEuropa
46%
OkaEuropa
45%
NewaEuropa
45%
Cooper CreekAustralia i Oceania
44%
PrutEuropa
44%
FlyAustralia i Oceania
43%
InnEuropa
43%
LimpopoAfryka
42%
KubangoAfryka
42%
FraserAmeryka Północna
42%
Dawson-FitzroyAustralia i Oceania
42%
GeorginaAustralia i Oceania
42%
CluthaAustralia i Oceania
42%
TyberEuropa
42%
SawaEuropa
42%
MozaEuropa
42%
UbangiAfryka
41%
NelsonAmeryka Północna
41%
MagdalenaAmeryka Południowa
40%
DiamantinaAustralia i Oceania
40%
GwadalkiwirEuropa
39%
GwadianaEuropa
39%
ManyczEuropa
39%
KasaiAfryka
37%
KageraAfryka
37%
MaruszaEuropa
37%
KamaEuropa
37%
SzariAfryka
36%
WezeraEuropa
36%
RedAmeryka Północna
35%
Mamore-MadeiraAmeryka Południowa
35%
KumaEuropa
35%
PurusAmeryka Południowa
34%
SaonaEuropa
34%
MaranonAmeryka Południowa
33%
SaladoAmeryka Południowa
33%
MaricaEuropa
33%
TapajosAmeryka Południowa
32%
TocantinsAmeryka Południowa
32%
UkajaliAmeryka Południowa
31%
WitimAzja
31%
WardarEuropa
31%
WoltaAfryka
30%
XinguAmeryka Południowa
29%
SepikAustralia i Oceania
28%
SeretEuropa
28%
WaikatoAustralia i Oceania
25%

Rozkład punktacji

Percentyl według liczby udzielonych odpowiedzi

Procent ludzi z każdym wynikiem

Twoja historia wyników

Nie rozwiązałeś tego quizu